000 00343nam a2200145Ia 4500
008 230718s9999 xx 000 0 und d
041 _aEng.
082 _a342.7
_bCHU-I
100 _aChughtar,K,Shehzad
245 0 _aIntellectual Property Laws
260 _aPakistan
_bMangar law bare
_c2011
300 _a955
650 _aLaw
999 _c27618
_d27618